000 00334nam a2200145Ia 4500
008 191201s2004 xx 000 0 und d
082 _a621.815
_bNAM
100 _aNAGPAL, G R
245 0 _aMachine Drawing
250 _a1st
260 _aN.Delhi
_bKhanna Publisher
_c2004
300 _a411
650 _aB.Tech(ME)
942 _2ddc
_cBK
999 _c2011
_d2011